[Event "57th World Juniors 2018"]
[Site "Manavgat TUR"]
[Date "2018.09.06"]
[Round "2.61"]
[White "Karaoglan, Doruk"]
[Black "Zhu, Yi"]
[Result "1-0"]
[BlackTitle "FM"]
[WhiteElo "2196"]
[BlackElo "2335"]
[WhiteFideId "6390927"]
[BlackFideId "8607435"]
[EventDate "2018.09.05"]

1. e4 c5 2. Nc3 Nc6 3. g3 g6 4. Bg2 Bg7 5. d3 e6 6. Be3 d6 7. f4 Nge7 8. Nf3 Nd4
9. O-O O-O 10. e5 Nef5 11. Bf2 dxe5 12. Nxe5 Qc7 13. Re1 Rb8 14. a4 a6 15. a5 f6
16. Nc4 Bd7 17. Ne4 e5 18. fxe5 fxe5 19. c3 Ne6 20. b4 cxb4 21. Bb6 Qc8 22. Ned6
Nxd6 23. Nxd6 Qxc3 24. Rc1 Qa3 25. Bd5 b3 26. Bc5 Qxa5 27. Qxb3 Rbe8 28. Nxe8
Rxe8 29. Qxb7 Qb5 30. Qxb5 axb5 31. Bd6 Kh8 32. Bxe5 Nd4 33. Bxg7+ Kxg7 34. Rxe8
Bxe8 35. Rc8 Kf8 36. Rc7 h5 37. Kf2 Nf5 38. Bc6 1-0

[Event "57th World Juniors 2018"]
[Site "Manavgat TUR"]
[Date "2018.09.06"]
[Round "2.62"]
[White "Dedebas, Emre Emin"]
[Black "Kamer, Kayra"]
[Result "1/2-1/2"]
[WhiteTitle "FM"]
[WhiteElo "2334"]
[BlackElo "2205"]
[WhiteFideId "6349005"]
[BlackFideId "6367879"]
[EventDate "2018.09.05"]

1. d4 a6 2. e4 b5 3. Bd3 Bb7 4. Nf3 e6 5. Qe2 d5 6. exd5 Qxd5 7. Nc3 Bb4 8. O-O
Bxc3 9. bxc3 Nf6 10. Ba3 Nbd7 11. c4 bxc4 12. Bxc4 Qc6 13. Rab1 Nb6 14. Bd3 Nfd5
15. Be4 Qa4 16. Rb3 Bc6 17. Ne5 Bb5 18. Bd3 Bxd3 19. Qxd3 f6 20. c4 fxe5 21.
cxd5 Qxd4 22. Qxd4 exd4 23. dxe6 Nc4 24. Bc1 Nd6 25. Re1 h6 26. Ba3 O-O 27. Rd3
Rf6 28. Bxd6 cxd6 29. Rxd4 Rd8 30. Rd5 g5 31. g3 Kg7 32. Re4 Kg6 33. Ra5 Re8 34.
f4 gxf4 35. gxf4 Rf5 36. Rxa6 Rd5 37. Ra3 Kf5 38. Re2 Kxf4 39. Kf2 Re5 40. Rxe5
dxe5 41. Ra6 e4 42. Ke2 Re7 43. a4 h5 44. a5 h4 45. Rb6 Rg7 46. a6 Ra7 47. Rb8
Ke5 48. Ke3 Kxe6 49. Rb6+ Kd5 50. Rh6 h3 51. Rg6 Ra8 52. Rf6 Ra7 53. Kf4 Re7 54.
Ke3 Ra7 55. Rh6 Ra8 56. Rxh3 Rxa6 57. Rh5+ Kc4 58. Kxe4 Re6+ 59. Kf4 Re1 60. Re5
Rh1 61. Kg3 Kd4 62. Re8 Kd5 63. h4 Kd6 64. Kg4 Kd7 65. Re4 Rg1+ 66. Kf5 Rf1+ 67.
Kg6 Rg1+ 68. Kh6 Rg2 69. h5 Rg1 70. Re3 Rg2 71. Re1 Rg3 72. Re5 Rg1 73. Kh7 Rg2
74. Re4 Rg1 75. Re2 Rg3 76. Re5 Rg1 77. Re4 Rg2 78. h6 Rg1 79. Kh8 Rg2 80. Re3
Rg1 81. Re2 Rg3 82. Re1 Rg2 83. Re4 Rg1 84. Re3 Rg2 85. Re1 Rg3 86. Ra1 Ke7 87.
Ra8 Kf7 88. Ra7+ Kf8 89. Kh7 Rg1 90. Rg7 Rf1 91. Rg5 Rf7+ 92. Kh8 Rf1 93. Rg2
Rf3 94. Ra2 Rg3 95. Rf2+ Ke7 96. Kh7 Rg1 97. Rf5 Rg2 98. Ra5 Kf7 99. Ra7+ Kf8
100. Rg7 Rf2 101. Rg5 Rf7+ 102. Kg6 Kg8 103. Rd5 Rg7+ 104. Kf6 Rg1 105. Ra5 Kh7
106. Rh5 Rg6+ 107. Kf7 Rxh6 108. Rxh6+ Kxh6 1/2-1/2

[Event "57th World Juniors 2018"]
[Site "Manavgat TUR"]
[Date "2018.09.06"]
[Round "2.63"]
[White "Tasdogen, Dincer"]
[Black "Eren, Ataberk"]
[Result "1/2-1/2"]
[WhiteTitle "FM"]
[WhiteElo "2329"]
[BlackElo "2180"]
[WhiteFideId "6367097"]
[BlackFideId "6349765"]
[EventDate "2018.09.05"]

1. e4 e6 2. d4 d5 3. Nd2 c5 4. Ngf3 Nc6 5. exd5 exd5 6. Bb5 Nf6 7. O-O Be7 8.
dxc5 Bxc5 9. Re1+ Be6 10. Nb3 Bb6 11. Be3 O-O 12. Nbd4 Bd7 13. Bxc6 bxc6 14. Ne5
c5 15. Nxd7 Qxd7 16. Nf3 h6 17. c3 Rfe8 18. a4 Qd6 19. g3 Qc6 20. a5 Bc7 21. Qa4
Qxa4 22. Rxa4 Bd6 23. b4 cxb4 24. cxb4 a6 25. Nd4 Ne4 26. Rc1 Rec8 27. Nc6 Bf8
28. Raa1 Nd6 29. Ne5 Nc4 30. Nxc4 dxc4 31. Rab1 Rab8 32. Bb6 Rc6 33. b5 axb5 34.
Rxb5 Ba3 35. Rc3 Be7 36. Rd5 Bf6 37. Rc2 Kh7 38. Kf1 Kg6 39. Ke2 h5 40. h4 Re8+
41. Be3 Rb8 42. Rc5 Rxc5 43. Bxc5 Rb5 44. Bb6 c3 45. Kd3 Rb1 46. Kc4 Kf5 47. Bd4
Bxd4 48. Kxd4 Ra1 49. Rxc3 Rxa5 50. Rf3+ 1/2-1/2

[Event "57th World Juniors 2018"]
[Site "Manavgat TUR"]
[Date "2018.09.06"]
[Round "2.64"]
[White "Sezdbekov, Ruslan"]
[Black "Ozen, Bahadir"]
[Result "0-1"]
[WhiteTitle "CM"]
[BlackTitle "FM"]
[WhiteElo "2160"]
[BlackElo "2326"]
[WhiteFideId "13801856"]
[BlackFideId "6337058"]
[EventDate "2018.09.05"]

1. e4 e5 2. Nf3 Nc6 3. Bc4 Bc5 4. b4 Bxb4 5. c3 Be7 6. d4 Na5 7. Bb5 c6 8. Be2
Nf6 9. dxe5 Nxe4 10. Qd4 f5 11. exf6 Nxf6 12. O-O O-O 13. Bd3 d5 14. Bg5 Ng4 15.
Bxe7 Qxe7 16. Nbd2 Qf6 17. Qb4 b6 18. h3 Nh6 19. Rae1 Bf5 20. Bxf5 Nxf5 21. Ne5
Rad8 22. f4 c5 23. Qb1 Nc6 24. Qd3 Nfe7 25. Ng4 Qf5 26. Qe2 d4 27. Ne4 dxc3 28.
Nxc3 Ng6 29. g3 Nd4 30. Qg2 Rfe8 31. Ne3 Qd3 32. Ncd5 Ne7 33. Nc7 Rf8 34. Ng4
Nef5 35. Kh2 Qc2 36. Rf2 Qc3 37. Re5 h5 38. Nd5 Qxg3+ 39. Qxg3 Nxg3 40. Kxg3
hxg4 41. hxg4 Rfe8 42. Rh5 c4 43. Rd2 Re4 44. Rdh2 Kf7 45. R2h3 b5 46. Nc3 Re3+
47. Kf2 Rxh3 48. Rxh3 b4 49. Ne4 Rd5 50. Rh8 Nb5 51. Rc8 Rd4 52. Ng5+ Ke7 53.
Rc5 a6 54. Ke3 Kd6 55. Rc8 Rd3+ 56. Ke4 Nc3+ 57. Kf5 Nxa2 58. Nf7+ Kd5 59. Ne5
Rc3 60. Rc7 b3 61. Rb7 Rc2 62. g5 b2 63. g6 Nc3 64. Rxg7 b1=Q 65. Rd7+ Kc5 66.
Rc7+ Kb6 67. Rxc4 Rg2+ 68. Kf6 Ne4+ 69. Kg7 Ng3 70. Rc6+ Kb7 71. Kf7 Nh5 72. Rc4
Qf5+ 73. Ke7 Qf6+ 0-1

[Event "57th World Juniors 2018"]
[Site "Manavgat TUR"]
[Date "2018.09.06"]
[Round "2.65"]
[White "Shailesh, Dravid"]
[Black "Ismayilov, Muhammad"]
[Result "1-0"]
[WhiteTitle "FM"]
[WhiteElo "2325"]
[BlackElo "2137"]
[WhiteFideId "25017969"]
[BlackFideId "13410024"]
[EventDate "2018.09.05"]

1. e4 e5 2. Nf3 Nf6 3. Nxe5 d6 4. Nf3 Nxe4 5. d4 d5 6. Bd3 Nc6 7. O-O Be7 8. c4
Nb4 9. Be2 O-O 10. a3 Nc6 11. cxd5 Qxd5 12. Nc3 Nxc3 13. bxc3 Bg4 14. h3 Bh5 15.
Rb1 a6 16. Rxb7 Nxd4 17. Nxd4 Bxe2 18. Qxe2 Qxb7 19. Qxe7 Rfe8 20. Qg5 f6 21.
Qg4 Qe4 22. Bf4 c5 23. Nf5 g5 24. Bd6 Qd3 25. Ne7+ Kf7 26. Re1 Red8 27. Qh5+ Kg7
28. g4 Kh8 29. Nf5 Qd5 30. Qh6 Qf7 31. Be7 Re8 32. Bxf6+ Kg8 33. Ne7+ Rxe7 34.
Rxe7 1-0

[Event "57th World Juniors 2018"]
[Site "Manavgat TUR"]
[Date "2018.09.06"]
[Round "2.66"]
[White "De Block, Yordi"]
[Black "Sevgi, Volkan"]
[Result "1/2-1/2"]
[BlackTitle "FM"]
[WhiteElo "2118"]
[BlackElo "2323"]
[WhiteFideId "214175"]
[BlackFideId "6325335"]
[EventDate "2018.09.05"]

1. d4 f5 2. e4 fxe4 3. Nc3 Nf6 4. Bg5 Nc6 5. d5 Ne5 6. Qd4 Nf7 7. Bxf6 exf6 8.
Nxe4 f5 9. Ng3 g6 10. Nf3 Qe7+ 11. Be2 Qb4+ 12. Qxb4 Bxb4+ 13. c3 Be7 14. O-O-O
O-O 15. Rhe1 Bf6 16. Nd4 Bg5+ 17. Kb1 a6 18. Bc4 b5 19. Bb3 Nd6 20. Nf3 Bf6 21.
Ne5 f4 22. a4 a5 23. Nf1 Bxe5 24. Rxe5 f3 25. g3 Ba6 26. Nd2 bxa4 27. Bxa4 Rf7
28. Rde1 Be2 29. Bd1 Bxd1 30. Rxd1 Raf8 31. Rde1 h6 32. c4 g5 33. Kc2 Nf5 34.
Kc3 g4 35. Nb3 a4 36. Nd4 Nxd4 37. Kxd4 Rb8 38. Kc3 Rf6 39. Re8+ Rf8 40. Rxb8
Rxb8 41. Re4 h5 42. Re5 Rb3+ 43. Kc2 Rb4 44. Kc3 Rb3+ 45. Kc2 Rb4 46. Kc3 Rb3+
47. Kc2 1/2-1/2

[Event "57th World Juniors 2018"]
[Site "Manavgat TUR"]
[Date "2018.09.06"]
[Round "2.71"]
[White "Lin, Peisen"]
[Black "Jogstad, Martin"]
[Result "0-1"]
[BlackTitle "FM"]
[WhiteElo "2034"]
[BlackElo "2305"]
[WhiteFideId "8611505"]
[BlackFideId "1715364"]
[EventDate "2018.09.05"]

1. e4 c5 2. Nf3 e6 3. d4 cxd4 4. Nxd4 Nc6 5. Nc3 Qc7 6. Be3 a6 7. Qf3 Bd6 8.
O-O-O Be5 9. g3 b5 10. Qe2 Bb7 11. f4 Bxd4 12. Bxd4 Nxd4 13. Rxd4 Qc5 14. Qd2
Bc6 15. Bg2 b4 16. Nd1 a5 17. Ne3 Ne7 18. Rd1 O-O 19. e5 Rab8 20. Kb1 a4 21. h4
h6 22. g4 Bxg2 23. Qxg2 Rfc8 24. Qe4 b3 25. axb3 axb3 26. c4 Qa5 27. Rxd7 Nd5
28. Nxd5 exd5 29. Qxd5 Qa2+ 30. Kc1 Qa1+ 31. Kd2 Qxb2+ 32. Ke3 Qc3+ 33. Kf2 Qxc4
34. Qxc4 Rxc4 35. Rd8+ Rxd8 36. Rxd8+ Kh7 37. Rb8 Rxf4+ 38. Kg3 Re4 39. Rxb3 h5
40. g5 Rxe5 41. Rb6 Re3+ 42. Kg2 Re6 43. Rb5 Rd6 44. Kg3 Rd3+ 45. Kg2 Rd6 46.
Kg3 Kg6 47. Ra5 Rb6 48. Rc5 Ra6 49. Rb5 Ra3+ 50. Kg2 Re3 51. Ra5 f6 52. gxf6
gxf6 53. Rb5 Re5 54. Rb6 Rd5 55. Kg3 Rd3+ 56. Kg2 Rd4 57. Kg3 Rg4+ 58. Kh3 Re4
59. Kg3 Re3+ 60. Kg2 Kf5 61. Rb5+ Re5 62. Rb6 Rd5 63. Kg3 Rd3+ 64. Kg2 Ke5 65.
Rb8 Rd4 66. Kg3 Rd3+ 67. Kg2 Ke4 68. Re8+ Kf4 69. Rb8 Rg3+ 70. Kh2 Re3 71. Kg2
Re4 72. Kh3 Re1 73. Rb4+ Kf3 74. Rb3+ Re3 75. Rb8 f5 76. Rf8 Kf4+ 77. Kg2 Kg4
78. Kf2 Rf3+ 79. Kg2 Rg3+ 80. Kf2 Rh3 81. Rg8+ Kf4 82. Ra8 Rh2+ 83. Kg1 Rxh4 84.
Kg2 Rg4+ 85. Kf2 Rg7 86. Ra4+ Kg5 87. Kf3 Rb7 88. Ra8 Rb3+ 89. Kf2 h4 90. Kg2
Kg4 91. Rg8+ Kf4 92. Rf8 Re3 93. Rf7 h3+ 94. Kh2 Ke4 95. Re7+ Kf3 96. Rf7 f4 97.
Kxh3 Kf2+ 98. Kh2 f3 99. Ra7 Kf1 100. Ra1+ Re1 101. Ra3 f2 102. Ra8 Rd1 103. Re8
Rd7 104. Rh8 Re7 0-1

[Event "57th World Juniors 2018"]
[Site "Manavgat TUR"]
[Date "2018.09.06"]
[Round "2.73"]
[White "Rajic, Ivan"]
[Black "Tifferet, Shaked"]
[Result "0-1"]
[BlackTitle "FM"]
[WhiteElo "2021"]
[BlackElo "2299"]
[WhiteFideId "14411377"]
[BlackFideId "2811529"]
[EventDate "2018.09.05"]

1. e4 e5 2. Nf3 Nc6 3. d4 exd4 4. Bc4 Bc5 5. c3 Nf6 6. cxd4 Bb4+ 7. Bd2 Bxd2+ 8.
Nbxd2 d5 9. exd5 Nxd5 10. Qb3 Na5 11. Qa4+ Nc6 12. Qa3 Qe7+ 13. Qxe7+ Ncxe7 14.
O-O Bf5 15. Rfe1 O-O-O 16. a3 f6 17. h3 Kb8 18. Ne4 Bxe4 19. Rxe4 Rd7 20. Rae1
Rhd8 21. g4 a6 22. Kh2 Nc6 23. g5 Nb6 24. Be6 Nxd4 25. Nxd4 Rxd4 26. gxf6 gxf6
27. Bf5 Rd2 28. R1e2 h6 29. Kg3 Rxe2 30. Rxe2 Rd5 31. Bg4 Nc4 32. Re8+ Ka7 33.
Rh8 f5 34. Be2 Nd6 35. Bf3 Rd2 36. Rxh6 Rxb2 37. Re6 Nb5 38. Re3 c5 39. Re5 c4
40. Rc5 Nxa3 41. h4 f4+ 42. Kxf4 Kb6 43. Rc8 Rb4 44. Be4 Nb5 45. h5 c3 46. h6
Nd6 47. h7 Rxe4+ 48. Kf3 Nxc8 49. h8=Q Rc4 50. Qd8+ Ka7 51. Qd3 Rc6 52. Qc2 Nd6
53. Ke3 Nb5 54. f4 Na3 55. Qc1 c2 56. f5 Nc4+ 57. Kd3 Na5 58. f6 Nb3 59. Qg1+
Rc5 60. f7 c1=Q 61. Qxc1 Nxc1+ 62. Kd4 0-1

[Event "57th World Juniors 2018"]
[Site "Manavgat TUR"]
[Date "2018.09.06"]
[Round "2.76"]
[White "Pang, Tao"]
[Black "Ozgur, Tibet Kagan"]
[Result "1-0"]
[WhiteElo "2290"]
[BlackElo "2056"]
[WhiteFideId "8609950"]
[BlackFideId "6322832"]
[EventDate "2018.09.05"]

1. Nf3 Nf6 2. c4 e6 3. d4 Bb4+ 4. Bd2 Qe7 5. Nc3 Bxc3 6. Bxc3 Ne4 7. Qc2 Nxc3 8.
Qxc3 O-O 9. g3 d6 10. Bg2 Nd7 11. O-O e5 12. Rfd1 e4 13. Nd2 Nf6 14. Nf1 d5 15.
cxd5 Nxd5 16. Qc5 Qe6 17. Rac1 c6 18. e3 Re8 19. Nd2 Qg6 20. Qc2 Bg4 21. Re1 Bf5
22. a3 h5 23. h4 Qe6 24. Nb3 Rac8 25. Nc5 Qe7 26. f3 Nf6 27. Qf2 g6 28. f4 b6
29. Na4 c5 30. dxc5 b5 31. Nc3 Rxc5 32. b4 Rc4 33. Nxb5 Rec8 34. Rxc4 Rxc4 35.
Bf1 Rc8 36. Qb2 Nd5 37. Qd4 Nb6 38. Nd6 Rd8 39. Nxf5 gxf5 40. Qc5 Qe6 41. Qc2
Rc8 42. Qd2 Qb3 43. Qe2 Qxa3 44. Qxh5 Qxb4 45. Rd1 Qc5 46. Rd4 Qa3 47. Kf2 Qa2+
48. Be2 Qe6 49. g4 fxg4 50. Bxg4 Rc2+ 51. Kg3 Qe7 52. Bf5 f6 53. Qg6+ Kf8 54.
Rxe4 Qf7 55. Qh6+ Qg7+ 56. Qxg7+ Kxg7 57. Re7+ Kf8 58. Re6 Rc3 59. Rxf6+ Kg7 60.
Re6 Nd5 61. Kf3 Kf7 62. Re5 Ne7 63. Be4 Rc1 64. Ra5 Rh1 65. h5 Rh3+ 66. Ke2 Rh2+
67. Kd3 Nc8 68. Bf5 Ne7 69. Bg6+ Nxg6 70. hxg6+ Kxg6 71. Rxa7 Rh3 72. Kd4 Rf3
73. Ra6+ Kf7 74. Ke4 Rh3 75. f5 Rh8 76. Kf4 Rh4+ 77. Ke5 Rh5 78. e4 1-0

[Event "57th World Juniors 2018"]
[Site "Manavgat TUR"]
[Date "2018.09.06"]
[Round "2.77"]
[White "Cadilhac, Igor Tokuichi Kikuchi"]
[Black "Baylav, Can"]
[Result "1-0"]
[WhiteTitle "FM"]
[WhiteElo "2286"]
[BlackElo "2026"]
[WhiteFideId "2132150"]
[BlackFideId "6361293"]
[EventDate "2018.09.05"]

1. e4 c5 2. Nf3 d6 3. d4 cxd4 4. Nxd4 Nf6 5. Nc3 a6 6. Nb3 e6 7. g4 Be7 8. Be3
h6 9. Qe2 b5 10. Bg2 Bb7 11. f4 Nbd7 12. a3 Rc8 13. O-O-O Qc7 14. Kb1 Qc4 15.
Qf3 d5 16. Na5 dxe4 17. Qh3 Qc7 18. Nxb7 Qxb7 19. g5 Nd5 20. Nxd5 exd5 21. Qf5
Bc5 22. Rxd5 Bxe3 23. Qxe4+ Kf8 24. Qxe3 Qc7 25. Re1 Nb6 26. Re5 Kg8 27. Re8+
Rxe8 28. Qxe8+ Kh7 29. Be4+ g6 30. Bxg6+ Kg7 31. gxh6+ Rxh6 32. Bxf7 Qxf4 33.
Rg1+ 1-0

[Event "57th World Juniors 2018"]
[Site "Manavgat TUR"]
[Date "2018.09.06"]
[Round "2.79"]
[White "Agdelen, Huseyin Can"]
[Black "Helander, Benjamin"]
[Result "1-0"]
[WhiteTitle "FM"]
[WhiteElo "2280"]
[BlackElo "1994"]
[WhiteFideId "6352260"]
[BlackFideId "514101"]
[EventDate "2018.09.05"]

1. e4 e6 2. d4 d5 3. Nd2 Nf6 4. e5 Nfd7 5. c3 c5 6. f4 Nc6 7. Ndf3 cxd4 8. cxd4
Bb4+ 9. Kf2 O-O 10. g3 f6 11. Kg2 Qe7 12. a3 Ba5 13. Bd3 Rd8 14. h4 f5 15. h5 h6
16. Be3 Nf8 17. Nh3 Bd7 18. Nf2 Rac8 19. Qe2 Qf7 20. Rag1 Ne7 21. Rh2 Rc7 22.
Kh1 Be8 23. g4 fxg4 24. Nxg4 Kh8 25. Ng5 hxg5 26. fxg5 Nf5 27. g6 Qe7 28. h6 1-0

[Event "57th World Juniors 2018"]
[Site "Manavgat TUR"]
[Date "2018.09.06"]
[Round "2.81"]
[White "Beukema, Christiaan"]
[Black "Yaran, Siar"]
[Result "0-1"]
[BlackTitle "CM"]
[WhiteElo "1904"]
[BlackElo "2271"]
[WhiteFideId "1032976"]
[BlackFideId "6323006"]
[EventDate "2018.09.05"]

1. e4 d5 2. exd5 Qxd5 3. Nc3 Qd8 4. d4 Nf6 5. Nf3 Bg4 6. Be2 e6 7. O-O c6 8. Bg5
Be7 9. h3 Bxf3 10. Bxf3 O-O 11. Ne2 Nbd7 12. c3 Qc7 13. Bf4 Bd6 14. Bxd6 Qxd6
15. Qb3 Qc7 16. Ng3 Rfe8 17. Rfe1 g6 18. Rad1 Re7 19. Re2 Rae8 20. Rde1 Kg7 21.
a4 e5 22. d5 cxd5 23. Bxd5 Nc5 24. Qa2 Nxd5 25. Qxd5 Nxa4 26. Ra1 Nb6 27. Qd2 f6
28. Rxa7 e4 29. Nf1 Nc4 30. Qc2 e3 31. fxe3 Nxe3 32. Nxe3 Rxe3 33. Rxe3 Rxe3 34.
Qf2 Rd3 35. Ra1 Qd6 36. Qa7 Qd5 37. Rf1 Rd2 38. Rf2 Rd1+ 39. Kh2 Qe5+ 40. g3 Qe4
41. Rg2 Qe1 42. Qg1 Qxg1+ 43. Rxg1 Rd3 44. Rg2 f5 45. Re2 Kf6 46. Kg2 g5 47. Kf2
h5 48. Re3 Rd8 49. Ke2 g4 50. h4 f4 51. gxf4 Kf5 52. Re5+ Kxf4 53. Rxh5 Rd7 54.
Rh8 Kg3 55. h5 Kh2 56. Rf8 g3 57. Kf3 g2 58. Rf4 Kh3 59. Kf2 Rd2+ 60. Ke3 g1=Q+
61. Kxd2 Qg5 0-1

[Event "57th World Juniors 2018"]
[Site "Manavgat TUR"]
[Date "2018.09.06"]
[Round "2.82"]
[White "Kilic, Efe Mert"]
[Black "Kilic, Gokturk Kagan"]
[Result "1/2-1/2"]
[WhiteTitle "FM"]
[WhiteElo "2269"]
[BlackElo "1910"]
[WhiteFideId "6354327"]
[BlackFideId "6367925"]
[EventDate "2018.09.05"]

1. e4 c5 2. Nf3 e6 3. d4 cxd4 4. Nxd4 a6 5. Bd3 Bc5 6. Nb3 Ba7 7. Nc3 Nc6 8. Qe2
d6 9. Be3 Bxe3 10. Qxe3 Nf6 11. O-O-O O-O 12. g4 Nxg4 13. Qg3 e5 14. Rhg1 g6 15.
h4 Be6 16. Be2 Nf6 17. f4 Bxb3 18. fxe5 Nxe5 19. axb3 b5 20. Qf4 Rc8 21. Rgf1
Ne8 22. Nd5 f5 23. exf5 Rxf5 24. Qh6 Ng7 25. h5 Nf7 26. Qd2 Rc5 27. hxg6 hxg6
28. Rxf5 Nxf5 29. Rg1 Ne5 30. b4 Rc8 31. Nf4 Qe8 32. Nxg6 Nxg6 33. Bd3 Qe6 34.
Qg5 Ne7 35. Bxg6 Nxg6 36. Qxg6+ Qxg6 37. Rxg6+ Kf7 38. Rxd6 Ra8 39. b3 Ke7 40.
Rd5 Ke6 41. Rc5 Kd6 42. Kb2 Rb8 43. Kc3 Rh8 44. Kb2 Rh4 45. Ka3 Rh3 46. Kb2 Rh4
47. Ka3 Rh3 48. Rc8 Kd5 49. Ra8 Rh6 50. Kb2 Rd6 51. Rc8 Rh6 52. c4+ Kd6 53. Rc5
Rh2+ 54. Ka3 Rh3 55. cxb5 axb5 56. Rxb5 Kc6 57. Rg5 Rh6 58. Ka4 Kb6 59. Rg8 Rf6
60. Rc8 Rh6 61. Rc4 Rh5 62. b5 Kb7 63. Ka5 Rh3 64. Kb4 Rh6 65. Rc6 Rh4+ 66. Rc4
Rh6 67. Rc3 Rh4+ 68. Ka5 Rh1 69. Rg3 Ra1+ 70. Kb4 Rh1 71. Rg5 Rh3 72. Kc4 Rh1
73. Rg6 Rc1+ 74. Kb4 Rh1 75. Rg4 Rh3 76. Ka4 Rh1 77. Ka5 Ra1+ 78. Ra4 Rb1 79.
Ra3 Rh1 80. Ra2 Rh8 81. Rf2 Ra8+ 82. Kb4 Rh8 83. Rf4 Rg8 84. Rf7+ Kb6 85. Rf6+
Kb7 86. Ka5 Ra8+ 87. Ra6 Rh8 88. Rb6+ Kc7 89. Rg6 Ra8+ 90. Ra6 Rh8 91. Ra7+ Kb8
92. Rg7 Rh6 93. Rf7 Rg6 94. Rh7 Rf6 95. b4 Rg6 96. b6 Rg1 97. Kb5 Rb1 98. Rc7
Rh1 99. Rc5 Rg1 100. Ka6 Ra1+ 101. Ra5 Rb1 102. Ra4 Rh1 103. Ra2 Rb1 104. Ra4
Rh1 105. Ra3 Rb1 106. Kb5 Rh1 107. Rf3 Rg1 108. Rf5 Rh1 109. Rg5 Rh2 110. Rg1
Rf2 111. Rg7 Rh2 112. Re7 Rh1 113. Rd7 Rg1 114. Kc6 Rc1+ 115. Kb5 Rh1 116. Ka6
Ra1+ 117. Kb5 Rh1 118. Rd5 Kb7 119. Rc5 Kb8 120. Ka6 Ra1+ 121. Ra5 Rb1 122. b5
Rb2 123. Ra1 Rh2 124. Ra3 Rh1 125. Ra2 Rg1 126. b7 Rg6+ 127. b6 Rg1 128. Ra3 Rh1
129. Ra2 Rg1 130. Ra3 Rh1 131. Ra2 1/2-1/2

[Event "57th World Juniors 2018"]
[Site "Manavgat TUR"]
[Date "2018.09.07"]
[Round "3.1"]
[White "Jarmula, Lukasz"]
[Black "Maghsoodloo, Parham"]
[Result "0-1"]
[WhiteTitle "IM"]
[BlackTitle "GM"]
[WhiteElo "2504"]
[BlackElo "2649"]
[WhiteFideId "1160664"]
[BlackFideId "12539929"]
[EventDate "2018.09.05"]

1. d4 Nf6 2. c4 e6 3. Nf3 a6 4. Nc3 d5 5. cxd5 exd5 6. Bg5 Be6 7. e3 Nbd7 8. Bd3
Bd6 9. O-O c6 10. Bf4 Qc7 11. Bxd6 Qxd6 12. Qc2 O-O 13. h3 g6 14. Rab1 a5 15. a3
b5 16. Ne2 b4 17. axb4 axb4 18. Nc1 c5 19. dxc5 Nxc5 20. Nd4 Rfc8 21. Ncb3 Na4
22. Qe2 Bd7 23. Rfc1 Ne4 24. Ra1 Qf6 25. Bxe4 dxe4 26. Rxc8+ Rxc8 27. Qd2 Qd6
28. Rc1 Rxc1+ 29. Qxc1 f5 30. h4 Kg7 31. Qd2 Kf6 32. Nc1 Be6 33. Nce2 Bf7 34. b3
Nb6 35. Qb2 Ke7 36. Qa1 Nd5 37. Qa8 Be8 38. h5 Kf7 39. h6 Nf6 40. Nf4 g5 41.
Nfe6 Kg6 42. Ng7 Bd7 43. Qd8 Qc5 44. Nge6 Qc1+ 45. Kh2 f4 46. f3 exf3 47. exf4
Bxe6 48. Nxe6 Qc2 49. f5+ Kh5 50. Ng7+ Kh4 51. Qd4+ 0-1

[Event "57th World Juniors 2018"]
[Site "Manavgat TUR"]
[Date "2018.09.07"]
[Round "3.2"]
[White "Bellahcene, Bilel"]
[Black "Donchenko, Alexander"]
[Result "0-1"]
[WhiteTitle "GM"]
[BlackTitle "GM"]
[WhiteElo "2501"]
[BlackElo "2614"]
[WhiteFideId "696358"]
[BlackFideId "24603295"]
[EventDate "2018.09.05"]

1. e4 c6 2. d4 d5 3. exd5 cxd5 4. Nf3 Nc6 5. Ne5 a6 6. c4 e6 7. Nxc6 bxc6 8. Nc3
Bd6 9. Be2 Ne7 10. Bg5 O-O 11. Qd2 Rb8 12. Rb1 f6 13. Be3 Nf5 14. O-O Qc7 15. g3
Kh8 16. Rfe1 Qf7 17. Bf3 Qg6 18. Bg2 Nxe3 19. fxe3 f5 20. c5 Bc7 21. b4 h5 22.
Ne2 Qh6 23. Rf1 Bd7 24. h4 g5 25. hxg5 Qxg5 26. Rf3 h4 27. gxh4 Qg4 28. Nf4 Rf7
29. Qf2 Rg8 30. h5 Rh7 31. Ng6+ Kg7 32. Rh3 Kf6 33. Rh4 Bg3 34. Rxg4 Bxf2+ 35.
Kxf2 fxg4 36. Kg3 Rxh5 37. Ne5 Rxe5 38. dxe5+ Kxe5 39. Rh1 Be8 40. Rh7 Bg6 41.
Rc7 a5 42. bxa5 Ra8 43. Rxc6 Rxa5 44. Kxg4 Rxa2 45. Bf1 Ra3 46. Kf3 d4 47. Ra6
Rxe3+ 48. Kf2 Rc3 49. c6 Rc2+ 50. Ke1 Rc1+ 0-1

[Event "57th World Juniors 2018"]
[Site "Manavgat TUR"]
[Date "2018.09.07"]
[Round "3.3"]
[White "Karthikeyan, Murali"]
[Black "Karthik, Venkataraman"]
[Result "1/2-1/2"]
[WhiteTitle "GM"]
[BlackTitle "IM"]
[WhiteElo "2605"]
[BlackElo "2519"]
[WhiteFideId "5074452"]
[BlackFideId "25006479"]
[EventDate "2018.09.05"]

1. Nf3 d5 2. g3 c5 3. Bg2 Nf6 4. O-O e6 5. d4 cxd4 6. Nxd4 e5 7. Nb3 Be6 8. Bg5
Nbd7 9. Nc3 Be7 10. Qd3 O-O 11. Rad1 d4 12. Bxf6 Nxf6 13. Ne4 Qc7 14. c3 Nxe4
15. Bxe4 f5 16. Bg2 dxc3 17. Bd5 Bxd5 18. Qxd5+ Kh8 19. bxc3 Rac8 20. c4 Qxc4
21. Qxe5 Bf6 22. Qxf5 Qxe2 23. Rd2 Qe8 24. Qd7 Qxd7 25. Rxd7 Rc2 26. a4 Rc4 27.
Rxb7 Rxa4 28. Nc5 Rc4 29. Nd7 Rfc8 30. Nxf6 gxf6 31. Rf7 R8c6 32. Rd1 Rc1 33.
Rxc1 Rxc1+ 34. Kg2 Rc6 35. Rxa7 Kg8 36. Kh3 Rc2 37. f4 Rf2 38. Kg4 Rxh2 39. Kf5
Rh6 40. Ke6 Rg6 41. Ra3 h5 42. f5 Rh6 43. Ra4 Kg7 44. Rd4 Kg8 45. Rc4 Kg7 46.
Rb4 Kg8 47. Ra4 Kg7 48. Rc4 Kg8 49. Rd4 Kg7 50. Rd7+ Kg8 51. Rd1 Kg7 52. Ke7 Rh8
53. Rd7 Rh6 54. Ke8+ Kg8 55. Rf7 h4 56. Rf8+ Kg7 57. Rf7+ Kg8 58. gxh4 Rxh4 59.
Rxf6 Re4+ 60. Re6 Ra4 61. Rg6+ Kh7 62. Rd6 Kg8 63. Ke7 Ra7+ 64. Ke6 Kg7 65. Rb6
Rf7 66. Ke5 Re7+ 67. Re6 Ra7 1/2-1/2

[Event "57th World Juniors 2018"]
[Site "Manavgat TUR"]
[Date "2018.09.07"]
[Round "3.4"]
[White "Tang, Andrew"]
[Black "Xu, Xiangyu"]
[Result "1-0"]
[WhiteTitle "GM"]
[BlackTitle "GM"]
[WhiteElo "2489"]
[BlackElo "2586"]
[WhiteFideId "2059630"]
[BlackFideId "8608288"]
[EventDate "2018.09.05"]

1. d4 d6 2. c4 e5 3. Nf3 e4 4. Nfd2 f5 5. e3 Nf6 6. Nc3 g6 7. Be2 Bh6 8. b4 Nc6
9. b5 Ne7 10. a4 O-O 11. g3 g5 12. h4 gxh4 13. Rxh4 Bg7 14. Qc2 Be6 15. Ba3 Ng6
16. Rh2 Rf7 17. Nb3 c6 18. Rd1 Rc8 19. Qd2 Re7 20. a5 Bf7 21. a6 bxa6 22. bxc6
Rxc6 23. d5 Rc8 24. Nd4 Qd7 25. Nc6 Ree8 26. Kf1 Ng4 27. Bxg4 fxg4 28. Ne2 Ne5
29. Nxe5 Bxe5 30. Qc2 Qb7 31. Nf4 Qb5 32. Rc1 Qa5 33. Bb2 Bxb2 34. Qxb2 Re5 35.
Rh6 Qb6 36. Qxb6 axb6 37. Rxd6 Rc5 38. Rxb6 Bxd5 39. Nxd5 Rexd5 40. Rxa6 Re5 41.
Ra7 Rf5 42. Re7 Rce5 43. Rxe5 Rxe5 44. c5 Kf7 45. c6 Re8 46. c7 Rc8 47. Rc4 h5
48. Ke2 Kf6 49. Kd2 Ke5 50. Kc3 Kd5 51. Kb4 1-0

[Event "57th World Juniors 2018"]
[Site "Manavgat TUR"]
[Date "2018.09.07"]
[Round "3.6"]
[White "Aravindh, Chithambaram VR."]
[Black "Sadikhov, Ulvi"]
[Result "1-0"]
[WhiteTitle "GM"]
[BlackTitle "IM"]
[WhiteElo "2578"]
[BlackElo "2491"]
[WhiteFideId "5072786"]
[BlackFideId "13401416"]
[EventDate "2018.09.05"]

1. e4 c5 2. Nf3 e6 3. d4 cxd4 4. Nxd4 a6 5. Bd3 Nf6 6. O-O Qc7 7. Qe2 d6 8. c4
Nc6 9. Nxc6 Qxc6 10. Nc3 Be7 11. Bg5 h6 12. Bh4 Qc5 13. Rad1 Bd7 14. Kh1 Bc6 15.
f3 O-O 16. f4 Rfe8 17. e5 dxe5 18. fxe5 Nd7 19. Bg3 Bg5 20. Ne4 Qe3 21. Qc2 Bxe4
22. Bxe4 Rad8 23. Bf2 Qf4 24. Bd4 Qh4 25. g3 Qg4 26. Bf3 Qh3 27. Bxb7 f6 28. Qe2
h5 29. Bg2 Qg4 30. Bf3 Qh3 31. Bxh5 1-0